000 00513nam a2200181Ia 4500
005 20250326142156.0
008 250326s9999 xx 000 0 und d
037 _aTextbook
040 _aFMSL
_beng
_cFMSL
041 _aeng
_2eng
084 _qFMSL
100 _aAnil Kumar
245 0 _aR B I 'S Exchange control manual corrected upto Jan-1987
_cAnil Kumar; Garg S K
260 _aModel Town Delhi
_bModel Town Delhi, Anupam Pub.
_c1987
300 _a420p
942 _cTB
999 _c1293789
_d1293789